⇔ Silly Superhero Slideshow ⇔ Quiz Stats

Quiz not verified by Sporcle

Challenge
Share
Tweet
Score 0/25 Timer 08:00
0 Plays Today
% Correct
The Whizzer
80.6%
Kid Miracleman
77.7%
Bouncing Boy
74.2%
Matter Eater Lad
72.7%
The Red Bee
71.6%
El Guapo
71.3%
Beppo the Supermonkey
69.3%
3D Man
67%
The Color Kid
61.5%
Bird-Brain
56.3%
Extraño
52.6%
Thor Girl
51.5%
Dead Girl
51.3%
% Correct
Doorman
48.2%
Skateman
47.8%
Maggott
47.3%
Leather Boy
38.6%
Arm Fall Off Boy
36.2%
Negasonic Teenage Warhead
33.2%
Zeitgeist
32.1%
Infectious Lass
31.3%
Fruit Boy
28.3%
Madam Fatal
25%
Gunfire
24.6%
Superdupont
22.6%

You're not logged in!

Compare scores with friends on all Sporcle quizzes.
Sign Up with Email
OR
Log In

You Might Also Like...

Show Comments

Extras

Top Quizzes Today


Score Distribution

Your Account Isn't Verified!

In order to create a playlist on Sporcle, you need to verify the email address you used during registration. Go to your Sporcle Settings to finish the process.